00474nam a22001337a 4500008004100000020001800041050002000059100002100079245014600100260003200246300001800278700002500296700001900321241015b |||||||| |||| 00| 0 eng d a9780878085408 aRA975.C37b.H43 aMyers, Bryant L. aHealth healing and shalom :bFrontiers and Challenges for christian health missions /bycBryant L. Myers, Erin Dufault-Hunter & Isaac B. Voss bWilliam Carey Libraryc2015 axxxiii, 292p. aDufault-Hunter, Erin aVoss, Isaac B.